| 000 -LEADER |
| fixed length control field |
01531nam a22002177a 4500 |
| 020 ## - INTERNATIONAL STANDARD BOOK NUMBER |
| ISBN |
9781527545373 |
| 082 ## - DEWEY DECIMAL CLASSIFICATION NUMBER |
| Classification number |
427 |
| Item number |
St933 2020 |
| 245 ## - TITLE STATEMENT |
| Title |
Studies in linguistic variation and change 3 : corpus-based research in english syntax and lexis / edited by Fabienne Toupin, Sylvain Gatelais and Ileana Sasu. |
| 250 ## - EDITION STATEMENT |
| Edition statement |
First edition. |
| 260 ## - PUBLICATION, DISTRIBUTION, ETC. (IMPRINT) |
| Place of publication |
Newcastle upon Tyne, UK : |
| Name of publisher |
Cambridge Scholars Publishing, |
| Year of publication |
c2020. |
| 300 ## - PHYSICAL DESCRIPTION |
| Number of Pages |
1 online resource, xiv, 179 pages : |
| Other physical details |
illustrations. |
| 500 ## - GENERAL NOTE |
| General note |
Includes bibliographical references. |
| 520 ## - SUMMARY, ETC. |
| Summary, etc |
This volume brings together contributions tracing the complex paths of change taken by the English language in its long history, from its beginnings in Old English to the present day. It addresses issues in a variety of fields ranging from semantics and morphosyntax to the interface between syntax and phonology, using a number of different theoretical standpoints. As such, the text reflects a diversity of approaches to corpora and will serve to improve the reader's understanding of some of the many developments and alterations that have affected English. It will be of interest to all scholars and students working on the history of English, as well as students of historical linguistics in general. |
| 650 ## - SUBJECT ADDED ENTRY--TOPICAL TERM |
| Topical Term |
English language - History. |
| 650 ## - SUBJECT ADDED ENTRY--TOPICAL TERM |
| Topical Term |
Historical linguistics. |
| 650 ## - SUBJECT ADDED ENTRY--TOPICAL TERM |
| Topical Term |
English language - Old English. |
| 700 ## - ADDED ENTRY--PERSONAL NAME |
| Personal name |
Toupin, Fabienne, editor. |
| 700 ## - ADDED ENTRY--PERSONAL NAME |
| Personal name |
Gatelais, Sylvain, editor. |
| 700 ## - ADDED ENTRY--PERSONAL NAME |
| Personal name |
Sasu, Ileana, editor. |
| 942 ## - ADDED ENTRY ELEMENTS (KOHA) |
| Koha item type |
Electronic Books |